Personalizované odporúčanie zaujímavých textov

Saved in:
Bibliographic Details
Main Author: Kompan, Michal, 1986- (Author)
Other Authors: Bieliková, Mária, 1966- (Thesis advisor)
Format: Manuscript Book
Language:Slovak
Published: Bratislava : STU v Bratislave FIIT, 2010
Subjects:
Online Access:VAIS
Tags: Add Tag
No Tags, Be the first to tag this record!

MARC

LEADER 00000ntm a22000003a 4500
001 stu218431
005 20150617230112.2
008 101203s2010----xo------------------slo-d
040 |a STU  |b slo 
041 0 |a slo 
044 |a xo 
100 1 |a Kompan, Michal,  |d 1986-  |4 aut  |u I200  |U FIIT Fakulta informatiky a informačných technológií  |T FIIT Ústav informatiky a softvérového inžinierstva  |X 29626  |U I200  |Y 179  |7 29626 
242 0 0 |a Personalized recommendation of interesting texts  |y eng 
245 1 |a Personalizované odporúčanie zaujímavých textov 
260 |a Bratislava :  |b STU v Bratislave FIIT,  |c 2010 
300 |a 95 s  |c príl. 
650 7 |a softvérové inžinierstvo  |2 stusub 
650 7 |a Software Engineering  |2 estusub 
650 7 |a vektorová reprezentácia  |2 stusub 
700 1 |a Bieliková, Mária,  |d 1966-  |4 ths  |u I200  |U FIIT Fakulta informatiky a informačných technológií  |T FIIT Ústav informatiky a softvérového inžinierstva  |X 1871  |U I200  |Y 179  |7 A000001871 
856 4 |a info a plný text  |u http://is.stuba.sk/zp/portal_zp.pl?podrobnosti=57344  |3 VAIS 
996 |c I*DP57/10  |l II680  |s P  |a 0  |w stu218431_0001